000 00724nam a22002057a 4500
005 20170420121512.0
010 _aENG-117893
020 _c1255.00
_a9791470437305
035 _aEN-101425
037 _bDBAD/PUB
082 _a512.5
100 _aOverholt,Marius
245 _aA course in anyasis number theory /
_cby Marius Overholt
260 _aNew Delhi
_bAmerican Mathematical Society
_c2017
270 _aDistributed by Universties Press,3-6-747/1/A3-6-754/1Himayat Nagar
_bHydreabad (Telangana)
_e500029
300 _axv,284p.
_c24cm(pbk)
490 _aGraduate Studies in Mathematics ; Volume 160
500 _aIncludes bibliographical references and index
942 _2ddc
_cEN
_h512.73
_mOVE
999 _c139115
_d139115